000 00695nam a2200229Ia 4500
003 IN-BaIIA
008 211028s9999 xx 000 0 eng d
020 _a0-19-855804-X
040 _cIIA Library
080 _a539.18
_bRIC
100 _aRichards, W. G
_919969
245 0 _aEnergy levels in atoms and molecules
_cW. G. Richards and P. R Scott
260 _aOxford
_bOxford University Press
_c1994
300 _a92p.
650 _aEnergy levels
_919970
650 _aNMR
_919971
650 _aNuclear magnetic resonance
_919972
650 _aQuantum mechanics
650 _aSpectroscopy
_91535
700 _aScott, P. R.
_919973
942 _cBK
999 _c11567
_d11567